| 000 | 01132nam a2200229Ia 4500 | ||
|---|---|---|---|
| 003 | Ost | ||
| 005 | 20260507074900.0 | ||
| 008 | 260507s9999||||xx |||||||||||||| ||und|| | ||
| 040 | _cfsecg | ||
| 041 | _aara | ||
| 082 | _a658.7 | ||
| 100 |
_aالطويل، محمد علي أحمد _eمؤلف |
||
| 245 | 0 |
_a محددات كفاءة المخازن وفعالية إدارة المواد : _bالتصميم- التنظيم- التشييد- التشغيل / _c محمد علي أحمد الطويل |
|
| 260 |
_aالإسكندرية: _bمؤسسة الثقافة الجامعية, _c[دون تاريخ] |
||
| 300 |
_a167 صفحة؛ _bإيضاحات ؛ _c25 سم |
||
| 504 | _aكشاف مصطلحات انجليزية ص.159 المراجع ص.157 | ||
| 520 | _aيضم تصميم المخازن، مداخل تنظيم المخازن، مداخل تشييد المخازن، تشغيل المخازن، كفاءة وتشغيل الأفراد في المخازن | ||
| 653 | _aإدارة الأفراد | ||
| 653 | _aإدارة المخازن | ||
| 700 |
_aبنور، سالم علي _eمؤلف ثانوي |
||
| 942 | _cكتاب | ||
| 999 |
_c41643 _d41643 |
||